| 000 | 01035nam a2200253Ia 4500 | ||
|---|---|---|---|
| 003 | OSt | ||
| 005 | 20221002050346.0 | ||
| 006 | a|||||r|||| 00| 0 | ||
| 007 | ta | ||
| 008 | 220930b |||||||| |||| 00| 0 hin d | ||
| 020 |
_a9789381783061 (hbk (Set)) _c16000 |
||
| 024 | _a9743 | ||
| 037 |
_b271, 03/03/2014, Vani Prakashan _cReference Collections |
||
| 040 |
_aCRL _cCRL _bhin |
||
| 041 |
_2hin _ahin |
||
| 082 | _aO152,1N13x, Q3.1-.16(RR) | ||
| 100 |
_aशर्मा, परितोड्ढ नरेन्द्र, संपा. _9160730 |
||
| 245 | 0 | _aनरेन्द्र शर्मा रचनावली | |
| 260 |
_aमुंबई _b परितोड्ढ प्रकाशन _c2013 |
||
| 490 | _vखण्ड 1 | ||
| 650 | _aहिन्दी साहित्य | ||
| 942 |
_hO152,1N13x, Q3.1-.16(RR) _cref _2CC |
||
| 999 |
_c914433 _d914433 |
||